000 02426nam0a2200433 4500
001 RU\NLR\bibl\1689618
005 20260412063735.0
010 _a978-5-8033-0675-7
021 _aRU
_b2010-71122
_94703
035 _a(nilc)RSL-KNO-004733804
035 _a(NLR Aleph) 001680755
090 _a1099726
_c1099726
100 _a20100916d2011 |||y0rusy50 ca
101 0 _arus
_aeng
102 _aRU
105 _ay |||||||||
200 1 _aБольшой англо-русский и русско-английский авиационный словарь
_dGreat english-russian and russian-english aviation dictionary
_eсвыше 100 000 терминов, сочетаний, эквивалентов и значений, с транскрипцией
_fЕ. Н. Девнина
_gпод ред. И. И. Павловца, акад. Междунар. акад. астронавтики, проф.
_gМосковский авиационный ин-т (гос. технический ун-т) (МАИ)
_zeng
210 _aМосква
_cЖивой язык
_d2011 [т.е. 2010]
215 _a512 с.
_d25
300 _aАвт. также на англ. яз.: E.N. Devnina
300 _aНа пер. авт. не указан
300 _aФактическая дата выхода в свет : 2010 г.
510 1 _6z73790
_aGreat english-russian and russian-english aviation dictionary
_zeng
606 _aАвиация
_jТерминологические словари
_91011427
_3RU\NLR\auth\6667446
606 _aАнглийский язык
_xТерминология авиационная
_xСловари
_xРусский язык
_9968688
_3RU\NLR\auth\6644092
606 _aРусский язык
_xТерминология авиационная
_xСловари
_xАнглийский язык
_91448919
_3RU\NLR\auth\66303686
686 _aО5я212
_2rubbk
686 _aО5я212.2
686 _aШ143.21-434.3
686 _aШ141.12-434.3
700 1 _4070
_7ca
_8rus
_aДевнина
_bЕ. Н.
_cпереводчик, англ. язык
_gЕлена Николаевна
_961666
_3RU\NLR\auth\7778738
790 1 _4070
_7ba
_8rus
_aDevnina
_bE. N.
_cпереводчик, англ. язык
_gElena Nikolaevna
_961667
_3RU\NLR\auth\7778739
801 0 _aRU
_bРГБ
_c20100916
_grcr
801 1 _aRU
_bРГБ
_c20100916
801 2 _aRU
_bNLR
_c20101022
_grcr
942 _cBOOK
980 _aNB
980 _aNBR